Easy guess the cars quiz - Statistics

General Stats
  • This quiz has been taken 122 times
  • The average score is 12 of 15
Answer Stats
Picture Hint Answer % Correct
bmw
99%
ford
95%
__gat__ bugatti
93%
toyota
92%
audi
91%
________ benz mercedes benz
88%
lamborghini
86%
nissan
86%
suzuki suzuki
81%
jaguar
79%
renault
78%
acura acura
76%
volks______ volkswagon
44%
sp____ car sports car
38%
MX fi__ (number not word! word just hint) MX 5
30%
No matching quizzes found
Score Distribution
Percent of People with Each Score
Percentile by Number Answered
Your Score History
You have not taken this quiz